| 000 | 01296nam a2200313 a 4500 | ||
|---|---|---|---|
| 001 | ebr10657843 | ||
| 003 | CaPaEBR | ||
| 006 | m u | ||
| 007 | cr cn||||||||| | ||
| 008 | 130304s2013 si a s 001 0 eng d | ||
| 020 | _z9781118343746 (hardback) | ||
| 020 | _z9781118343753 (e-book) | ||
| 040 |
_aCaPaEBR _cCaPaEBR |
||
| 035 | _a(OCoLC)844051415 | ||
| 050 | 1 | 4 |
_aQA76.9.A93 _bH56 2013eb |
| 082 | 0 | 4 |
_a658.4038 _223 |
| 100 | 1 | _aHingarh, Veena. | |
| 245 | 1 | 0 |
_aUnderstanding and conducting information systems auditing _h[electronic resource] / _cVeena Hingarh, Arif Ahmed. |
| 260 |
_aSingapore : _bJohn Wiley & Sons Singapore Pte. Ltd., _c2013. |
||
| 300 |
_axiii, 316 p. : _bill. |
||
| 500 | _aIncludes index. | ||
| 505 | 0 | _apt. 1. Conducting an information systems audit -- pt. 2. Information systems auditing checklists. | |
| 533 |
_aElectronic reproduction. _bPalo Alto, Calif. : _cebrary, _d2013. _nAvailable via World Wide Web. _nAccess may be limited to ebrary affiliated libraries. |
||
| 650 | 0 |
_aElectronic data processing _xAuditing. |
|
| 655 | 7 |
_aElectronic books. _2local |
|
| 700 | 1 | _aAhmed, Arif. | |
| 710 | 2 | _aebrary, Inc. | |
| 856 | 4 | 0 |
_uhttp://site.ebrary.com/lib/rucke/Doc?id=10657843 _zAn electronic book accessible through the World Wide Web; click to view |
| 999 |
_c64902 _d64902 |
||